Advanced calculus : an introduction to classical analysis /

Salvato in:
Dettagli Bibliografici
Autore principale: Brand, Louis
Natura: Libro
Lingua:English
Pubblicazione: New York : J. Wiley, 1967, c1955.
Edizione:6th printing, rev.
Soggetti:
LEADER 00974nam a2200265 a 4500
001 c000265714
003 CARM
005 20070730120042.0
008 070730t19671955nyu 001 0 eng d
019 1 |a 42970400  |z 50072570  |z 2549949  |z 25013548  |z 57686027  |5 LACONCORD2021 
035 |a (OCoLC)1464477  |5 LACONCORD2021 
040 |a VCAV  |b eng  |c VCAV 
082 0 4 |a 515.8  |2 22 
100 1 |a Brand, Louis. 
245 1 0 |a Advanced calculus :  |b an introduction to classical analysis /  |c Louis Brand. 
250 |a 6th printing, rev. 
260 |a New York :  |b J. Wiley,  |c 1967, c1955. 
300 |a xii, 574 p. ;  |c 24 cm. 
500 |a Includes index. 
650 0 |a Functional analysis. 
650 0 |a Calculus. 
650 0 |a Functions of real variables. 
852 8 |b CARM  |h A1:AN06G0  |i B08415  |p 0383828  |f BK 
999 f f |i 42352a2c-d218-5e23-a7f0-5b2e681c9426  |s 7cfac017-5f17-5525-b105-1fba76ec5f40 
952 f f |p Can circulate  |a CAVAL  |b CAVAL  |c CAVAL  |d CARM 1 Store  |e B08415  |f A1:AN06G0  |h Other scheme  |i book  |m 0383828